Campeones Primera B - Chile - Estadísticas

Estadísticas generales
  • Esta prueba ha sido intentada 22 veces
  • La puntuación promedio es 54 de 73
Estadísticas de respuestas
Hint Respuesta % Correcto
1967 Deportes Concepcion
94%
1994 Deportes Concepcion
94%
1981 San Marcos de Arica
94%
1956 Universidad Catolica
94%
1989 Universidad de Chile
94%
2013 Universidad de Concepcion
94%
2003 Everton De Viña Del Mar
88%
2022 Magallanes
88%
1988 Rangers
88%
1993 Rangers
88%
1997 Rangers/Deportes Iquique
88%
1978 Santiago Wanderers
88%
1995 Santiago Wanderers
88%
2019 Santiago Wanderers
88%
1961 Union La Calera
88%
1975 Universidad Catolica
88%
1983 Cobresal
81%
1998 Cobresal
81%
1962 Coquimbo Unido
81%
2008 Curico Unido
81%
2017 Curico Unido / Union La Calera
81%
1957 Deportes La Serena
81%
1987 Deportes La Serena
81%
1996 Deportes La Serena
81%
2024 Deportes La Serena
81%
1966 Huachipato
81%
1954 O'Higgins
81%
1964 O'Higgins
81%
1952 Palestino
81%
1972 Palestino
81%
2012 San Marcos de Arica
81%
2014 San Marcos de Arica
81%
1999 Union Española
81%
1968 Antofagasta
75%
2023 Cobreloa
75%
2011 Deportes Antofagasta
75%
1979 Deportes Iquique
75%
2010 Deportes Iquique
75%
2002 Deportes Puerto Montt
75%
1959 Santiago Morning
75%
1974 Santiago Morning
75%
2005 Santiago Morning
75%
1984 Union La Calera
75%
1977 Coquimbo Unido
69%
2018 Coquimbo Unido
69%
2021 Coquimbo Unido
69%
1991 Deportes Temuco
69%
2001 Deportes Temuco
69%
2016 Deportes Temuco
69%
1976 Ñublense
69%
2020 Ñublense
69%
1990 Provincial Osorno
69%
1992 Provincial Osorno
69%
2007 Provincial Osorno
69%
1955 San Luis
69%
1958 San Luis
69%
1980 San Luis
69%
2015 San Luis
69%
1960 Green Cross
63%
1963 Green Cross
63%
1970 Union San Felipe
63%
2000 Union San Felipe
63%
2009 Union San Felipe
63%
2004 Deportes Melipilla
56%
2006 Deportes Melipilla
56%
1982 Fernandez Vial
56%
1971 Naval
56%
1985 Trasandino
56%
1969 Lota Schwager
50%
1986 Lota Schwager
50%
1965 Ferrobadminton
44%
1973 Aviacion
38%
1953 Thomas Bata
38%
No se encontraron pruebas coincidentes
Distribución de puntuación
Porcentaje de gente con cada puntuación
Porcentaje por número respondido
Historial de tus puntuaciones
No has intentado esta prueba.